Manual de cirugía ocular para médicos y estudiantes / (Record no. 135420)

MARC details
000 -LEADER
campo de control de longitud fija 00554nam a2200169 i 4500
001 - NÚMERO DE CONTROL
campo de control 135420
003 - IDENTIFICADOR DE NÚMERO DE CONTROL
campo de control ES-MaACL
007 - CAMPO FIJO DE DESCRIPCIÓN FÍSICA--INFORMACIÓN GENERAL
campo de control de longitud fija t|
008 - DATOS DE LONGITUD FIJA--INFORMACIÓN GENERAL
campo de control de longitud fija 070717s1924 sp ||||1| spa d
100 1# - ENTRADA PRINCIPAL--NOMBRE DE PERSONA
Nombre de persona Torok, Ervin.
9 (RLIN) 110695
245 10 - MENCIÓN DEL TÍTULO
Título Manual de cirugía ocular para médicos y estudiantes /
Mención de responsabilidad, etc. Ervin Torok y Gerald H. Gront ; edición española revisada por Francisco Poyales.
260 ## - PUBLICACIÓN, DISTRIBUCIÓN, ETC.
Lugar de publicación, distribución, etc. Madrid :
Nombre del editor, distribuidor, etc. Plus Ultra,
Fecha de publicación, distribución, etc. 1924.
300 ## - DESCRIPCIÓN FÍSICA
Extensión 430 p. ;
Dimensiones 25 cm.
700 1# - ENTRADA AGREGADA--NOMBRE PERSONAL
Nombre de persona Gront, Gerald.
9 (RLIN) 60133
700 1# - ENTRADA AGREGADA--NOMBRE PERSONAL
Nombre de persona Poyales, Francisco.
9 (RLIN) 93513
852 ## - LOCALIZACIÓN
Ubicación ES-MaACL
Número de control de estantería E-556
Holdings
Estatus retirado Estado de pérdida Estado de daño No para préstamo Biblioteca de origen Biblioteca actual Ubicación en estantería Fecha de adquisición Fuente de adquisición Total de préstamos Signatura topográfica completa Código de barras Visto por última vez Precio de reemplazo Tipo de ítem Koha
        Biblioteca del Ateneo de Madrid Biblioteca del Ateneo de Madrid Depósito 2 17/01/2008     E-556 1140946 23/02/2023 23/02/2023 Libro impreso